| 000 | 01262nam a22002417a 4500 | ||
|---|---|---|---|
| 003 | OSt | ||
| 005 | 20151026133603.0 | ||
| 008 | 130716s2012 sp ||||| |||| 00| 0 spa d | ||
| 040 | _cCDMR | ||
| 100 | 1 |
_93953 _aMartínez Rubio, María Rosa |
|
| 245 | 1 | 0 |
_aUso de las fuentes de información en las noticias locales de la prensa española _b: Comunidad Valenciana, 2006-2010 _cMaría Rosa Martínez Rubio ; José Antonio Ontalba Ruipérez y Enrique Orduña Malea (directores) _h[recurs electrònic] |
| 260 |
_bUniversitat Politècnica de València _c2012 |
||
| 502 |
_aTEsi defensada el 16 de novembre de 2012, _cUniversitat Politècnica de València. Departamento de Comunicación Audiovisual, Documentación e Historia del Arte - Departament de Comunicació Audiovisual, Documentació i Història de l'Art |
||
| 650 | 0 | 4 |
_93564 _aPeriodisme _xFonts d'informació |
| 650 | 0 | 4 |
_92605 _aDocumentació |
| 650 | 0 | 4 |
_93311 _aPremsa _zComunitat Valenciana |
| 650 | 0 | 4 |
_92994 _aTesis i dissertacions acadèmiques |
| 700 | 1 |
_93954 _aOntalba Ruipérez, José Antonio |
|
| 700 | 1 |
_93955 _aOrduña Malea, Enrique |
|
| 710 | 2 |
_93956 _aUniversitat Politècnica de València |
|
| 856 |
_uhttp://riunet.upv.es/handle/10251/18236 _yDisponible en línia (UPV) |
||
| 942 |
_2udc _cTSN-E |
||
| 999 |
_c6597 _d6597 |
||